Statistiques concernant Pokémon de type Roche - Gen 1 à 9

Cliquez ici pour prendre le quiz!

Statistiques générales

  • Ce quiz a été pris 1 352 fois
    (135 depuis la dernière actualisation)
  • Le résultat moyen est 63 sur 80

Statistiques - réponses

Pokémon% Correct
Gravalanch / Gravalanch d'Alola
100%
Grolem / Grolem d'Alola
100%
Racaillou / Racaillou d'Alola
100%
Amonistar
97%
Amonita
97%
Amagara
95%
Anorith
95%
Dragmara
95%
Ptéra / Méga-Ptéra
95%
Armaldo
93%
Ptyranidur
93%
Rexillius
93%
Arceus (Plaque Roc)
90%
Embrylex
90%
Kabuto
90%
Kabutops
90%
Lilia
90%
Onix
90%
Regirock
90%
Rhinastoc
90%
Rhinocorne
90%
Tyranocif / Méga-Tyranocif
90%
Vacilys
90%
Ymphect
90%
Aéroptéryx
88%
Arkéapti
88%
Lougaroc
88%
Rhinoféros
88%
Rocabot
88%
Charkos
87%
Kranidos
87%
Wagomine
87%
Bastiodon
85%
Carapagos
85%
Silvallié (ROM Roche)
85%
Dinoclier
83%
Monthracite
83%
Tarinor
83%
Tarinorme
83%
Charbi
82%
Mégapagos
82%
Géolithe
80%
Opermine
80%
Terrakium
80%
Gigalithe
78%
Golgopathe
78%
Nodulithe
78%
Galegon
77%
Galekid
77%
Galeking
77%
Diancie / Méga-Diancie
75%
Strassie
75%
Crabaraque
72%
Relicanth
72%
Séléroc
72%
Solaroc
72%
Volcaropod
72%
Crabicoque
70%
Manzaï
70%
Selutin
70%
Simularbre
70%
Ama-Ama
68%
Amassel
68%
Gigansel
68%
Caratroc
67%
Météno
67%
Zéroïd
65%
Floréclat
63%
Germéclat
63%
Hachécateur
60%
Dolman
58%
Corayon
57%
Épine-de-Fer
55%
Craparoi
52%
Roc-de-Fer
52%
Torgamord
52%
Arcanin de Hisui
48%
Séracrawl de Hisui
48%
Caninos de Hisui
47%
Ogerpon (Masque de la Pierre)
43%

Distribution des résultats

Percentile par nombre de réponses

% des personnes avec chaque résultat

Votre développement - résultats

Vous n’avez pas pris ce quiz depuis la dernière actualisation